| 000 | 01545nam a2200337 i 4500 | ||
|---|---|---|---|
| 003 | EG-ScBUE | ||
| 005 | 20240118143854.0 | ||
| 008 | 110614s1993 u f b 000 0 ara d | ||
| 017 | _a93 - 7818 | ||
| 020 | _a9775337038 | ||
| 040 |
_aEG-ScBUE _bara _erda _cEG-ScBUE _dEG-ScBUE |
||
| 043 |
_an-us--- _aa-is--- _aawgz--- _aawba--- |
||
| 082 | 0 | 4 |
_222 _a956.94 _bت ش و |
| 100 | 1 |
_925191 _aتشومسكي، نعوم، _d1928- _eمؤلف. |
|
| 245 | 1 | 2 |
_aالثالوث الخطر والمصير المحتوم : _bالولايات المتحدة، إسرائيل والفلسطينيون / _cتأليف ناعوم تشومسكي ؛ ترجمة د. علياء رافع ؛ تقديم السفير تحسين بشير. |
| 250 | _aالطبعة الأولى. | ||
| 264 | 1 |
_aالإسكندرية، مصر : _bدار صادق للنشر، _c1993. |
|
| 300 |
_a432 صفحة ؛ _c24 سم |
||
| 336 |
_2rdacontent _aنص _btxt |
||
| 337 |
_aبدون وسيط _2rdamedia _bn |
||
| 338 |
_aمجلد _bnc _2rdacarrier |
||
| 504 | _aيشتمل على إرجاعات ببليوجرافية. | ||
| 546 | _aالنص باللغة العربية وتم ترجمته من اللغة الإنجليزية. | ||
| 650 | 7 |
_aالنزاع العربي الإسرائيلي. _2BUEsh |
|
| 651 | 7 |
_2BUEsh _aإسرائيل _xعلاقات خارجية. |
|
| 651 | 7 |
_2BUEsh _aفلسطين _xتاريخ. |
|
| 655 | _vReading book | ||
| 700 | 1 |
_925193 _aرافع، علياء، _eمترجم. |
|
| 700 | 1 |
_aبشير، تحسين، _eمقدم. |
|
| 942 |
_2ddc _cBB |
||
| 999 |
_c15590 _d15590 |
||